Hot jocks. 5, Nečekaná láska /
Páté pokračování erotické série ze sportovního prostředí, kde se to jen hemží sexy a sebevědomými muži s hokejkami. Tentokrát dojde i na svatbu...
Uloženo v:
| Série: | Hot jocks,
část 5 |
|---|---|
| Hlavní autor: | |
| Další autoři: | |
| Médium: | E-kniha |
| Jazyk: | Czech |
| Vydáno: |
Praha :
Baronet,
2025
|
| Vydání: | 1. vydání |
| Témata: | |
| Příbuzné jednotky: | Z cyklu::
Hot jocks |
| Tagy: |
Žádné tagy |
| LEADER | 02713nam a2200517 i 4500 | ||
|---|---|---|---|
| 001 | 312782 | ||
| 003 | CZ PrSKC | ||
| 005 | 20260601215728.0 | ||
| 007 | ta | ||
| 008 | 250729s2025 xr e 000 f cze | ||
| 015 | |a cnb003697606 | ||
| 020 | |a 9788026926382 |q (vázáno) | ||
| 035 | |a (OCoLC)1535680601 | ||
| 040 | |a ABG001 |b cze |e rda | ||
| 041 | 1 | |a cze |h eng | |
| 072 | 7 | |a 821.111(73)-3 |x Americká próza |2 Konspekt | |
| 080 | |a 821.111(73)-31 |2 MRF | ||
| 080 | |a (0:82-993) |2 MRF | ||
| 080 | |a (0:82-31)-055.2 |2 MRF | ||
| 100 | 1 | |a Ryan, Kendall, |d 1981- |7 mzk2015894946 |4 aut | |
| 240 | 1 | 0 | |a Down and dirty. |l Česky |
| 245 | 1 | 0 | |a Hot jocks. |n 5, |p Nečekaná láska / |c Kendall Ryan ; z anglického originálu Hot jocks 5 - Down and dirty ... přeložila Ivana Čejková |
| 246 | 3 | 0 | |a Nečekaná láska |
| 250 | |a 1. vydání | ||
| 264 | 1 | |a Praha : |b Baronet, |c 2025 | |
| 300 | |a 236 stran ; |c 21 cm | ||
| 336 | |a text |b txt |2 rdacontent | ||
| 337 | |a bez média |b n |2 rdamedia | ||
| 338 | |a svazek |b nc |2 rdacarrier | ||
| 520 | 2 | |a Páté pokračování erotické série ze sportovního prostředí, kde se to jen hemží sexy a sebevědomými muži s hokejkami. Tentokrát dojde i na svatbu... |b Svatba ve Vegas - chyba, nebo osudová láska?! Dovedete si představit, že se omylem probudíte ve Vegas vdaná za svého mladšího sexy kamaráda? Tak to je v podstatě moje současná situace. Fajn, udělali jsme chyby. Je pro mě příliš mladý. Jemu je třiadvacet a mně třicet. A těch třiadvacet let čekal na tu pravou. Ano. Zřejmě jsem si vzala posledního neposkvrněného alfa-samce na planetě. A můj tvrdohlavý novomanžel se nechce rozvést. Chce mě. Slovo komplikovaný ani zdaleka nevystihuje tuhle situaci. Nakladatelská anotace. | |
| 546 | |a Český text | ||
| 655 | 7 | |a americké romány |7 fd131796 |2 czenas | |
| 655 | 7 | |a erotické romány |7 fd132211 |2 czenas | |
| 655 | 7 | |a romány pro ženy |7 fd187897 |2 czenas | |
| 655 | 9 | |a American fiction |2 eczenas | |
| 655 | 9 | |a erotic novels |2 eczenas | |
| 655 | 9 | |a women's novels |2 eczenas | |
| 700 | 1 | |a Čejková, Ivana |7 xx0077698 |4 trl | |
| 765 | 1 | |t Hot jocks | |
| 787 | 0 | 8 | |i Z cyklu: |t Hot jocks |g 5 |
| 900 | |a ABA001 |b 20 | ||
| 928 | 9 | |a Albatros Media - Baronet | |
| 044 | |a xr | ||
| 910 | |a RBIT002 | ||
| 998 | |d 421782 |a https://core.palmknihy.cz/api/books/421782/cover?t0mtqp |b https://core.palmknihy.cz/api/books/421782/cover/400?t0mtqp |c https://core.palmknihy.cz/api/books/421782/cover/50?t0mtqp |e 2029-10-10 |g 240 |i 9788026926382 |j https://core.palmknihy.cz/api/books/421782/preview.epub |k https://core.palmknihy.cz/api/books/421782/preview.pdf |l |q 49 |r 1 |s https://www.palmknihy.cz/kniha/421782 |t ebook |y 2025 |z 0 |v Hot Jocks |w 5 | ||
| 999 | |d 312780 | ||